000 00579nam a22001817a 4500
003 0
005 20231106123943.0
008 231106b xxu||||| |||| 00| 0 eng d
020 _a978-621-427-121-4
050 _aHF 5415
_b.Se47 2022
100 _aSerrano, Angelita Ong Camilar
245 _aBusiness to business marketing
_c Angelita Ong Camilar Serrano
260 _aManila
_bUnlimited Books Library Services & Publishing Inc.
_cc2022.
300 _ax, 194 pages ;
_c25 cm.
504 _aIncludes bibliographical references.
650 _aMarketing.
942 _2lcc
_cBK
999 _c365574
_d365574